00686nam a2200181Ia 4500001000900000003000500009008004100014010001100055040000900066100003000075245018700105260003700292300001000329502007000339650003800409650002400447710003300471Para_822CHAP220125s1994 xx 000 0 und d a198720 cCHAP aChavez Alfaro, J. Jesús aControl integrado de la marchitez del chile (Capsicum annuum L.) ocasionada por el hongo Phytophthora capsici L. en la región de Valsequillo, Pue. /c por J. Jesús Chavez Alfaro aMontecillo, Méx. :b El autor a81 h. aTesis (M.C. Esp. en Fitopatología) CP Centro de Fitopatología aChile x enfermedades por hongos  aMarchitez del chile aCP Centro de Fitopatología